Objevování Severní Ameriky

Bibliographic Details
Main Authors: Asikinack, Bill (Author), Scarborough, Kate (Author)
Other Authors: Macháčková, Jitka (Translator), Green, Robina (Illustrator)
Format: Book
Language:Czech
English
PhysicalDescription:48 s. fareb. fotogr. 29 cm
Published: Bratislava INA 1996
ISBN:8085680807
Subjects:

MARC

LEADER 00000nam a2200000 a 4500
001 vtls001289974
003 SK-MaSNL
005 20260301155426.0
008 240315s1996 xo ae r y cze
015 |a SNBA1997/1003044 
020 |a 8085680807 
035 |a SNK000241604 
035 |a urn:nbn:sk:snk-amlpd8 
035 |a urn:nbn:sk:snk-am00c3dh 
035 |a 96B45B13-13A4-4642-8322-270C202BEA3C 
040 |a SNK  |b slo  |c SNK  |e AACR2 
041 1 |a cze  |h eng 
044 |a xo  |c SK 
080 |a 970=850  |2 1981 
100 1 |a Asikinack, Bill  |4 aut  |9 41246 
240 1 0 |a Exploration into North America  |l Česky 
245 1 |a Objevování Severní Ameriky  |c Bill Asikinack, Kate Scarborough ; [z anglického originálu přeložila Jitka Macháčková] 
260 |a Bratislava  |b INA  |c 1996 
300 |a 48 s.  |b fareb. fotogr.  |c 29 cm 
500 |a Fotogr. na tit. strane. Ilustr. na predsádkach 
500 |a Údaj o prekl. prevzatý z rubu tit. strany 
500 |a Ilustr. Robina Green 
504 |a Reg. Slovník 
651 7 |a Severná Amerika  |2 SNK  |9 22757 
655 7 |a príručky  |2 SNK  |9 74364 
700 1 |a Scarborough, Kate  |4 aut  |9 519658 
700 1 |a Macháčková, Jitka  |4 trl  |9 45469 
700 1 |a Green, Robina  |4 ill  |9 43980 
919 |a 80-85680-80-7 
958 |a TL 
958 |a OP 
958 |a NS 
958 |a CZ 
958 |a GB 
968 |a Čes  |b ENG 
999 |c 800930  |d 802860 
952 |t P60, <09>, [BOOK], {629}  |a SNK  |b SNK  |y NEVYP  |7 0  |o snkB 737  |i snk2742/970617  |0 0  |1 0  |4 0  |d 1997-06-16  |l 0  |r 2005-01-02 00:00:00  |w 2026-02-24 
952 |t P60, <03>, [BOOK], {603}  |a SNK  |b SNK  |y PREZ  |7 0  |p 17A0072799  |o snkSB 57178  |i snkKSP 6050/97  |0 0  |1 0  |4 0  |d 1997-06-16  |f 1  |l 0  |r 2025-04-09 00:00:00  |w 2026-02-24 
952 |t P60, <04>, [BOOK], {604}  |a SNK  |b SNK  |y VYP  |7 0  |p 17A0072798  |o snkSB 57178 D1  |i snkKSP 6051/97  |0 0  |1 0  |4 0  |d 1997-06-16  |l 0  |r 2005-01-02 00:00:00  |w 2026-02-24